| 000 | 00629cam a22002051 4500 | ||
|---|---|---|---|
| 001 | sa 65008930 | ||
| 003 | DLC | ||
| 005 | 20260227112158.0 | ||
| 008 | 890913s1965 io 000 0 ind | ||
| 010 | _asa 65008930 | ||
| 035 | _a(OCoLC)23537151 | ||
| 040 |
_aDLC _cMiU _dDLC |
||
| 042 | _apremarc | ||
| 050 | 0 | 0 | _aLAW <Indonesia 9 Adam> |
| 100 | 1 |
_aAdamy, Thaib, _edefendant. |
|
| 245 | 1 | 0 |
_aAtjeh mendakwa. _bPidato pembelaan jang diutjapkan didepan Pengadilan Negeri Sigli, 12 September 1963. |
| 260 |
_a[Banda Atjeh, _ccover 1965] |
||
| 300 |
_a127 p. _billus., ports. _c21 cm. |
||
| 610 | 1 | 0 |
_aIndonesia. _bPengadilan Negeri. |
| 999 |
_c65955 _d65955 |
||